000 00421nam a2200145 a 4500
001 000041397
005 20201002034843.0
008 131001s2008 dr 000 0 spa d
020 _a9789945452068
040 _aDO-SdBNP
_bspa
_cBNPHU
100 1 _aCruz Medina, Ismael
_928493
245 1 0 _aEntre cardos y sombras /
_cIsmael Cruz Medina.
260 _aSanto Domingo :
_bEl Nuevo Diario,
_c2008.
300 _a165 p. ;
_c22 cm.
999 _c40887
_d40887